Barcelona Local Urban Agenda Network
Descripción Física:
1 tríptic ; 10 x 21 cm
Materias:
Xarxa d'Agendes Urbanes Locals (Barcelona)
; Cooperació interterritorial -- Barcelona (Catalunya : Província)
; Urbanisme -- Barcelona (Catalunya : Província)
; Fulletons
Idioma:
Catalán , English
MARC
| LEADER | 00000nam a22000007a 4500 | ||
|---|---|---|---|
| 001 | 28842 | ||
| 003 | AGDB | ||
| 005 | 20260324181531.0 | ||
| 008 | 250512b spa||||| |||| 00| 0 cat d | ||
| 017 | |a B 20483-2024 | ||
| 040 | |a agdb |b cat | ||
| 041 | |a eng | ||
| 240 | |a Xarxa d'Agendes Locals de Barcelona |l [anglès] | ||
| 245 | |a Barcelona Local Urban Agenda Network | ||
| 260 | |a Barcelona : |b Diputació de Barcelona ; |c 2024 | ||
| 300 | |a 1 tríptic ; |c 10 x 21 cm | ||
| 546 | |a També en català (R. 28840) i en castellà (R. 28841). | ||
| 610 | 0 | |a Xarxa d'Agendes Urbanes Locals (Barcelona) |9 72035 | |
| 650 | 0 | |a Cooperació interterritorial |z Barcelona (Catalunya : Província) |9 53213 | |
| 650 | 0 | |a Urbanisme |z Barcelona (Catalunya : Província) |9 18405 | |
| 655 | 0 | |a Fulletons |9 55858 | |
| 710 | 1 | |a Barcelona (Catalunya : Província). |b Gerència de Serveis d'Habitatge, Urbanisme i Activitats |9 52885 | |
| 710 | |a Barcelona (Catalunya : Província). |b Àrea d'Urbanisme, Habitatge i Regeneració Urbana |9 71485 | ||
| 942 | |2 udc |c ARXIU |n 1 | ||
| 952 | |0 0 |1 0 |4 0 |6 FU7861 |7 1 |9 98053 |a Arxiu |b Arxiu |d 2025-05-12 |l 0 |o FU-78-61 |p 28842 |r 2025-05-12 00:00:00 |w 2025-05-12 |y ARXIU | ||
| 999 | |c 129839 |d 129839 | ||